|
|
|
|
| LEADER |
00000nam a2200000 a 4500 |
| 001 |
vtls011636094 |
| 003 |
SK-MaSNL |
| 005 |
20260301140832.0 |
| 008 |
180124t2016 gw odabf n 101 0 ger |
| 020 |
|
|
|a 9783774940642
|q (viazané)
|
| 040 |
|
|
|a SNK
|b slo
|c SNK
|e rda
|
| 041 |
0 |
|
|a ger
|a eng
|b eng
|b ger
|
| 043 |
|
|
|a e------
|
| 044 |
|
|
|a gw
|c DE
|
| 072 |
|
7 |
|a 94(3)
|x Dejiny krajín starovekého sveta
|2 konspekt
|
| 072 |
|
7 |
|a 902
|x Archeológia
|2 konspekt
|
| 080 |
|
|
|a 94"00/03"
|2 2011
|
| 080 |
|
|
|a 902:904
|2 2011
|
| 080 |
|
|
|a 903.2-034
|2 2011
|
| 080 |
|
|
|a 737.1
|2 2011
|
| 080 |
|
|
|a (4)
|2 2011
|
| 080 |
|
|
|a (062.534)
|2 2011
|
| 080 |
|
|
|a (048.8:082)
|2 2011
|
| 111 |
2 |
|
|a Internationales Kolloquium Archäologie zwischen Römern und Barbaren (kolokvium)
|d (2009 :
|c Frankfurt nad Mohanom, Nemecko)
|4 aut
|9 493989
|
| 245 |
1 |
0 |
|a Archäologie zwischen Römern und Barbaren
|b zur Datierung und Verbreitung romischer Metallarbeiten des 2. und 3. Jahrhunderts n. Chr. im Reich und im Barbaricum - ausgewählte Beispiele (Gefäße, Fibeln, Bestandteile militärischer Ausrüstung, Kleingerät, Münzen) : internationales Kolloquium, Frankfurt am Main, 19.-22. März 2009, Römisch-Germanische Kommission des Deutschen Archäologischen Instituts gemeinsam mit der Goethe-Universität Frankfurt a. M., Institut für Archäologische Wissenschaften, Abteilung II, Archäologie und Geschichte der römischen Provinzen sowienHilfswissenschaften der Altertumskunde
|n Teil 2
|c herausgegeben von Hans-Ulrich Voß und Nils Müller-Scheeßel
|
| 264 |
|
1 |
|a Bonn
|b Rudolf Habelt GmbH
|c 2016
|
| 300 |
|
|
|a ix, strany 592-1010
|b fotografie, grafy, ilustrácie, mapy
|c 31 cm
|
| 336 |
|
|
|a text
|b txt
|2 rdacontent
|
| 337 |
|
|
|a bez média
|b n
|2 rdamedia
|
| 338 |
|
|
|a zväzok
|b nc
|2 rdacarrier
|
| 490 |
1 |
|
|a Kolloquien zur Vor- und Frühgeschichte
|v Band 22,1
|
| 500 |
|
|
|a Dvojzväzkové dielo
|
| 504 |
|
|
|a Obsahuje bibliografiu za jednotlivými príspevkami a na strane [989]-996 a miestny register
|
| 546 |
|
|
|a Čiastočne anglický text, anglické a nemecké resumé
|
| 648 |
|
7 |
|a 2.-3. storočie
|2 SNKPH
|9 493990
|
| 650 |
0 |
7 |
|a doba rímska
|2 SNKPH
|9 85771
|
| 650 |
0 |
7 |
|a archeologické nálezy
|2 SNKPH
|9 4975
|
| 650 |
0 |
7 |
|a predmety z kovu
|2 snmk
|9 312856
|
| 650 |
0 |
7 |
|a mince
|2 SNKPH
|9 2305
|
| 650 |
0 |
7 |
|a Roman period
|2 SNKPHeng
|9 340517
|
| 650 |
0 |
7 |
|a Antiquities
|2 SNKPHeng
|9 101106
|
| 650 |
0 |
7 |
|a Metal objects
|2 snmkeng
|9 493991
|
| 650 |
0 |
7 |
|a Coins
|2 SNKPHeng
|9 268735
|
| 651 |
|
7 |
|a Európa
|2 SNKPHgeo
|9 167569
|
| 651 |
|
7 |
|a Europe
|2 SNKPHgeo
|9 56249
|
| 655 |
|
7 |
|a zborníky konferencií
|2 SNKPH
|9 70153
|
| 655 |
|
7 |
|a Proceedings of conferences
|2 SNKPHeng
|9 265791
|
| 700 |
1 |
|
|a Voss, Hans Ulrich
|4 edt
|9 493992
|
| 700 |
1 |
|
|a Müller-Scheeßel, Nils,
|d 1970-
|4 edt
|9 164734
|
| 710 |
2 |
|
|a Deutsches Archäologisches Institut.
|b Römisch-Germanische Kommission
|4 orm
|9 493993
|
| 810 |
2 |
|
|a Deutsches Archäologisches Institut, Römisch-Germanische Kommission (Frankfurt A.M., Nemecko)
|b Eurasien-Abteilung (Berlin, Nemecko).
|t Kolloquien zur Vor- und Frühgeschichte
|9 493994
|
| 852 |
|
|
|a Slovenská národná knižnica
|
| 919 |
|
|
|a 978-3-7749-4064-2
|
| 958 |
|
|
|a ZS
|
| 958 |
|
|
|a NB
|
| 999 |
|
|
|c 765178
|d 767108
|
| 952 |
|
|
|a SNK
|b SNK
|y NEVYP
|7 1
|p 17A1564645
|o snkSB 101581/2
|i snk2025/5000
|8 4
|g 50.40
|0 0
|1 0
|4 0
|d 2023-02-28
|l 0
|r 2026-02-24 00:17:01
|w 2026-02-24
|